Nazwy europejskich państw w ich ojczystych językach – nagła śmierć - Statystyki

Ogólne statystyki
  • Ten quiz został rozwiązany 1 630 razy
  • Średni wynik to 3 z 23
Answers on the Grid
Answers color-coded by a green-red scale on the quiz's grid according to % correct below.
Italia
Italien
Włochy
France
Albania
Shqipëria
Kroatie
Serbska
Болгария
Malta
Ísland
Svizra
Suisse
Україна
Austrien
Viro
Netherlands
Polsko
Сърбия
Россия
O'zbekiston
Danmark
Portugal
Saint-Marin
Северна Македонија
Γρεσσία
Ispaña
Ungarország
Монтанегра
Ромуния
Polska
Germanien
Duitsland
Monaco
Kosovo
Беларусь
Czechy
Slovinsko
Liechtenstein
Belgien
Nederlands
Andorra
Erie
United Kingdom
Norge
Svenska
Suomi
Lenkija
Eesti
Liettua
Macaristan
Nihon
Guyane
Latvių
Крым
Roma
İstanbul
Сарајево
Bosnia and Herzegovina
Crna Gora
 
Statystyki odpowiedzi
Odpowiedź % Poprawnych
Polska po polsku Polska
42%
Wielka Brytania po angielsku United Kingdom
30%
Włochy po włosku Italia
29%
Rosja po rosyjsku Россия
20%
Finlandia po fińsku Suomi
20%
Ukraina po ukraińsku Україна
18%
Liechtenstein po niemiecku Liechtenstein
15%
Norwegia po norwesku Norge
15%
Francja po francusku France
13%
Monako po francusku Monaco
13%
Andora po katalońsku
Andorra
12%
Malta po maltańsku i angielsku Malta
10%
Portugalia po portugalsku Portugal
10%
Białoruś po białorusku i rosyjsku Беларусь
9%
Czarnogóra w jej języku ojczystym Crna Gora
9%
Dania po duńsku Danmark
9%
Estonia po estońsku Eesti
9%
Islandia po islandzku Ísland
7%
Szwajcaria po francusku Suisse
6%
Macedonia Północna po macedońsku Северна Македонија
5%
Belgia po niemiecku Belgien
5%
Albańska (dialekt toskijski) nazwa Albanii Shqipëria
5%
Szwajcaria po retoromańsku Svizra
2%
Nie znaleziono quizów pasujących do podanych kryteriów
Rozkład punktacji
Procent ludzi z każdym wynikiem
Percentyl według liczby udzielonych odpowiedzi
Twoja historia wyników
Nie rozwiązałeś tego quizu